Understanding children and teens: (Record no. 6934)

MARC details
000 -LEADER
fixed length control field 00670nam a22001937a 4500
003 - CONTROL NUMBER IDENTIFIER
control field OSt
005 - DATE AND TIME OF LATEST TRANSACTION
control field 20251205045904.0
008 - FIXED-LENGTH DATA ELEMENTS--GENERAL INFORMATION
fixed length control field 251205b |||||||| |||| 00| 0 eng d
020 ## - INTERNATIONAL STANDARD BOOK NUMBER
International Standard Book Number 978-971-0459-742
040 ## - CATALOGING SOURCE
Original cataloging agency DWC-Main lib.
Transcribing agency OC
082 ## - DEWEY DECIMAL CLASSIFICATION NUMBER
Classification number Fil. 305.231 P397u 2012
100 ## - MAIN ENTRY--PERSONAL NAME
Personal name Penetrante, Marylendra A.
245 ## - TITLE STATEMENT
Title Understanding children and teens:
Remainder of title a work text on child and adolescent development/
Statement of responsibility, etc. Marylendra A. Penetrante
260 ## - PUBLICATION, DISTRIBUTION, ETC.
Place of publication, distribution, etc. Quezon City :
Name of publisher, distributor, etc. Wisemans Books trading,
Date of publication, distribution, etc. c2021.
300 ## - PHYSICAL DESCRIPTION
Extent vii, 86 pages :
Other physical details illustrations ;
Dimensions 22cm.
650 ## - SUBJECT ADDED ENTRY--TOPICAL TERM
Topical term or geographic name entry element 1. Chinese language.
650 ## - SUBJECT ADDED ENTRY--TOPICAL TERM
Topical term or geographic name entry element 2. Chinese language- slang.
942 ## - ADDED ENTRY ELEMENTS (KOHA)
Source of classification or shelving scheme Dewey Decimal Classification
Koha item type Book-Filipiniana
Call number prefix Fil.
Suppress in OPAC No
952 ## - LOCATION AND ITEM INFORMATION (KOHA)
--
Holdings
Withdrawn status Lost status Source of classification or shelving scheme Damaged status Not for loan Home library Current library Shelving location Date acquired Source of acquisition Total Checkouts Full call number Barcode Date last seen Copy number Price effective from Koha item type Uniform Resource Identifier
    Dewey Decimal Classification     College Library College Library Filipiniana 03/23/2021 Donation   Fil. 305.231 P397u 2012 CL52756 12/05/2025 c1 12/05/2025 BK - FIL